Great Literature #2 - Statistics

General Stats
  • This quiz has been taken 751 times
  • The average score is 15 of 20
Answer Stats
Hint Answer % Correct
Nineteen Eighty-Four George Orwell
98%
The Iliad Homer
97%
To Kill a Mockingbird Harper Lee
95%
Great Expectations Charles Dickens
93%
Jane Eyre Charlotte Brontë
93%
Crime and Punishment Fyodor Dostoyevsky
91%
The Grapes of Wrath John Steinbeck
88%
One Thousand and One Nights various anonymous authors
84%
Gulliver’s Travels Jonathan Swift
83%
Mrs. Dalloway Virginia Woolf
79%
The Stranger Albert Camus
76%
Catch-22 Joseph Heller
73%
Beloved Toni Morrison
72%
The Trial Franz Kafka
71%
Heart of Darkness Joseph Conrad
70%
Middlemarch George Eliot
69%
The Sound and the Fury William Faulkner
60%
Invisible Man Ralph Ellison
56%
The Lady with the Dog Anton Chekhov
49%
The Red and the Black Stendhal
49%
No matching quizzes found
Score Distribution
Percent of People with Each Score
Percentile by Number Answered
Your Score History
You have not taken this quiz